| 000 | 00905nmc a2200337 a 4500 | ||
|---|---|---|---|
| 003 | AR-BaBNM | ||
| 005 | 20251128205346.0 | ||
| 008 | 187019s1989 ||||||||||||||000 | spa|| | ||
| 020 | _a950-699-013-1 | ||
| 040 | _cAR-BaBNM | ||
| 100 | 1 | _aGarcía Lupo, Rogelio | |
| 245 | 1 | 0 | _aParaguay de Stroessner |
| 250 | _a1ª ed. | ||
| 260 |
_aBuenos Aires _bZeta _c1989 |
||
| 300 | 0 |
_a241 p. _bil., láms. |
|
| 490 | 0 | _aReporter | |
| 500 | 0 | _aContiene índice onomástico p. 235-239. | |
| 504 | _aBibliografía al final de cada capítulo. | ||
| 600 | 1 | 4 | _aPerón, Juan Domingo |
| 600 | 1 | 4 | _aSomoza, Anastasio |
| 600 | 1 | 4 |
_aPinochet, Augusto _d1915-2006 |
| 650 | 4 | _aHISTORIA POLITICA | |
| 650 | 4 | _aCIENCIAS POLITICAS | |
| 650 | 4 | _aIDEOLOGIAS | |
| 650 | 4 | _aHISTORIA SOCIAL | |
| 650 | 4 | _aMITOLOGIA | |
| 650 | 4 | _aDICTADURA | |
| 650 | 4 | _aSISTEMAS POLITICOS | |
| 942 | _cBK | ||
| 998 | _cmariana | ||
| 999 |
_c11085 _d11085 |
||